000 00538nam a2200193Ia 4500
008 131103s9999 xx 000 0 und d
040 _aLoreto College
041 _aEnglish
082 _aCHBK-I/PAN
_bLCBED/5688
100 _aPanandikar, Sulabha
245 4 _aThe dog man's best friend
_cSulabha Panandikar & Arthur P.Pereira
260 _aBombay
_bMacmillan
_c1961
300 _a24p
_c 20cm.
440 _aSupplementary readers
650 _aCHBK -I
700 _aPereira, Arthur P.
850 _aLCBED/CHBK-I/PAN
942 _cBK
999 _c31142
_d81621